Biblioteka Instytutu Północnego w Olsztynie

Widok standardowy Widok MARC

Pozycja Topical Term

Liczba rekordów, w których użyto hasła: 1

001 - Numer kontrolny

  • control field: 40329

003 - Identyfikator numeru kontrolnego

  • control field: NUKAT

005 - Data i czas ostatniej modyfikacji

  • control field: 20260420201932.0

008 - Dane kontrolne kodowane (40 znaków)

  • fixed length control field: 050120n||azznnbabn |a ana |

010 ## - Numer kontrolny Biblioteki Kongresu

  • numer kontrolny LC: p 2004319292

035 ## - Numer systemowy

  • numer systemowy: a12059341

035 ## - Numer systemowy

  • numer systemowy: (PL)a0000001205934

040 ## - Instytucja sporządzająca rekord

  • inst. przygot. dane do rek. khw: WA N
  • język haseł przedmiotowych/tezaurus: DBN
  • inst. wprow. rek. khw: WA N

072 ## - Kod kategorii przedmiotu

  • kod kategorii przedmiotu: 13

072 ## - Kod kategorii przedmiotu

  • kod kategorii przedmiotu: 29

150 ## - Hasło - nazwa pospolita

  • nazwa posp. lub nazwa geogr. na pocz.: Kontrreformacja

450 ## - Trop zob. - nazwa pospolita

  • nazwa posp. lub nazwa geogr. na pocz.: Counter-Reformation

450 ## - Trop zob. - nazwa pospolita

  • nazwa posp. lub nazwa geogr. na pocz.: Contrareformatio

510 2# - Trop zob. też - nazwa ciała zbiorowego

  • nazwa ciała zbior. lub geogr. na pocz.: Inkwizycja

510 2# - Trop zob. też - nazwa ciała zbiorowego

  • nazwa ciała zbior. lub geogr. na pocz.: Jezuici

510 2# - Trop zob. też - nazwa ciała zbiorowego

  • nazwa ciała zbior. lub geogr. na pocz.: Kościół katolicki

511 2# - Trop zob. też - nazwa imprezy

  • nazwa impr. lub nazwa geogr. na pocz.: Sobór Trydencki
  • data imprezy: (1545-1563)

550 ## - Trop zob. też - nazwa pospolita

  • podpole kontrolne: g
  • nazwa posp. lub nazwa geogr. na pocz.: Odnowa Kościoła

550 ## - Trop zob. też - nazwa pospolita

  • nazwa posp. lub nazwa geogr. na pocz.: Konfesjonalizacja

550 ## - Trop zob. też - nazwa pospolita

  • nazwa posp. lub nazwa geogr. na pocz.: Protestantyzm

550 ## - Trop zob. też - nazwa pospolita

  • nazwa posp. lub nazwa geogr. na pocz.: Reformacja

550 ## - Trop zob. też - nazwa pospolita

  • nazwa posp. lub nazwa geogr. na pocz.: Rekatolicyzacja

682 ## - Informacja o usuniętym haśle

  • tekst wyjaśniający: zatwierdzone
Biblioteka Instytutu Północnego, ul. Partyzantów 87, 10-402 Olsztyn, email: biblioteka(at)ip.olsztyn.pl